| 000 | 00562nam a2200217Ia 4500 | ||
|---|---|---|---|
| 999 |
_c62386 _d62386 |
||
| 001 | 61943 | ||
| 003 | OSt | ||
| 005 | 20220121120642.0 | ||
| 008 | 141120s9999 xx 000 0 und d | ||
| 020 | _aNA | ||
| 040 | _cPK-LaUMT | ||
| 082 |
_a 348.5491026 _bFAH-D |
||
| 100 | _aFahim Ahmed Siddqiqui | ||
| 245 |
_aDigest on Sindh Balochistan law reports _cFahim Ahmed Siddqiqui|Saeea Siddiqui |
||
| 260 |
_aKarachi,Pakistan: _bAsia Law House, _c2012 |
||
| 300 | _a2209 p. | ||
| 501 | _a3 vols | ||
| 546 | _aEN | ||
| 700 | _aSaeea Siddiqui | ||
| 942 |
_cLPJ _2ddc |
||